The man towards the moksha / (Record no. 3439)

000 -LEADER
fixed length control field 00475nam a2200181Ia 4500
008 - FIXED-LENGTH DATA ELEMENTS--GENERAL INFORMATION
fixed length control field 250604t2022 xx |||||||||||||| ||und||
020 ## - INTERNATIONAL STANDARD BOOK NUMBER
International Standard Book Number 9789371391054
Terms of availability Rs. 225.00
040 ## - CATALOGING SOURCE
Original cataloging agency IMU Kochi Library
082 04 - DEWEY DECIMAL CLASSIFICATION NUMBER
Classification number 823
Item number P8849
Edition number 23
100 1# - MAIN ENTRY--PERSONAL NAME
Personal name Prakash, Shakti
245 14 - TITLE STATEMENT
Title The man towards the moksha /
260 ## - PUBLICATION, DISTRIBUTION, ETC. (IMPRINT)
Place of publication, distribution, etc New Delhi :
Name of publisher, distributor, etc Bluerose publishers,
Date of publication, distribution, etc 2022
300 ## - PHYSICAL DESCRIPTION
Extent 99 p.
Other physical details :
Dimensions ; 21 cm.
650 #0 - SUBJECT ADDED ENTRY--TOPICAL TERM
Form subdivision Fiction
852 ## - LOCATION/CALL NUMBER
Location IMU Kochi Library
904 ## - LOCAL DATA ELEMENT D, LDD (RLIN)
CATALOGER Akhil Bose
942 ## - ADDED ENTRY ELEMENTS (KOHA)
Item type Books
Holdings
Withdrawn status Lost status Source of classification or shelving scheme Damaged status Not for loan Collection code Permanent location Current location Shelving location Date acquired Source of acquisition Cost, normal purchase price Total Checkouts Full call number Barcode Date last seen Date last borrowed Koha item type
          Fiction IMU Kochi Library IMU Kochi Library General Stacks 2025-06-04 Direct online purchase from Amazon (XIHG-50776 dt. 28.05.2025) 205.00 1 823 P8849 BK006907 2026-03-06 2026-01-29 Books


Copyright © All Rights Reserved by Indian Maritime University, Kochi Campus.
For any Suggestions/Query Contact to library or Email: library.kochi@imu.ac.in Ph:(0484)-2989402
(Web OPAC Designed by Rudra Ranjan. Maintained by IMU Kochi Library)

Powered by Koha